[Event "Dortmund SuperGM 24th"]
[Site "Dortmund"]
[Date "1996.07.12"]
[Round "7"]
[White "Polgar, Judit"]
[Black "Adams, Michael"]
[Result "1-0"]
[WhiteElo "2665"]
[BlackElo "2685"]
[Annotator "Wahls,M"]
[PlyCount "81"]
[EventDate "1996.07.05"]
[EventType "tourn"]
[EventRounds "9"]
[EventCountry "GER"]
[EventCategory "18"]
[SourceTitle "CBM 054"]
[Source "ChessBase"]
[SourceDate "1996.10.01"]
[SourceVersion "1"]
[SourceVersionDate "1996.10.01"]
[SourceQuality "1"]

1. e4 {HarZvi Dolmatov Wedberg} e5 2. Nf3 Nc6 3. Bb5 a6 4. Ba4 Nf6 5. O-O Be7
6. Re1 b5 7. Bb3 O-O 8. h3 $5 {In der eröffnungstheoretischen Debatte hat der 
(nach 8.c3 d5 entstehende) Marshall-Angriff momentan einen recht guten Stand.
Dies erklärt dann auch die Popularität der Anti-Marshall-Systeme. Im Vergleich
zu 8.a4 und 8.d3 ist 8.h3 der am seltesten gespielte Zug, was sich jedoch bald
ändern könnte. Immerhin bediente kein geringerer als Kasparov sich seiner,
also der Trendsetter par excellence. Meiner Meinung nach besteht ein großer
Vorteil von 8.h3 darin, daß er den Schwarzen dazu einlädt, mit 8...d6 (worauf
9.c3 folgen würde) doch noch in den geschlossenen Spanier überzuleiten. Die
daraus entstehenden Stellungen sind einfach gehaltvoller und interessanter als
die der Anti-Marshall-Systeme!} Bb7 9. d3 h6 {Schwarz möchte sich zunächst mit
Te8 und Lf8 zuende entwickeln, um dann eventuell seinen d-Bauern gleich zwei
Felder nach vorne zu schieben. Da Weiß diesen Plan allerdings, wie in der
Begegnung Topalov-Short, mit Lg5 vereiteln könnte, investiert er einTempo.} (
9... Re8 10. c3 Bf8 11. Bg5 $5 (11. Nbd2 {Wedberg} d5 12. exd5 Nxd5 13. d4 Qd6
14. Ne4 Qd7 15. a4 bxa4 16. Bxa4 exd4 17. Nxd4 Nb6 $10 {Perenyi,B-Djuric,S/
Saint John op-2/1988}) 11... h6 12. Bh4 d6 (12... g5 13. Nxg5 $5 hxg5 14. Bxg5
Bg7 15. Re3 Na5 16. Bxf6 Bxf6 17. Qh5 Nxb3 18. Rg3+ Kf8 19. Qh6+ Ke7 20. Rf3
Ke6 21. axb3 $13 {1/2-1/2 Blodstein,B-Malachi,A/ISR-chT (01) (Givataim-AFEK) ;
EXP 52 1996 (32)}) 13. Nbd2 g6 14. Nf1 Bg7 15. Qd2 $1 Qe7 16. Ne3 Qf8 17. a4 (
17. Bxf6 $5 Bxf6 18. Nd5 Bd8 19. a4) 17... Ne7 18. Bxf6 $6 (18. axb5 axb5 19.
Rxa8 Rxa8 20. Bxf6 $36) 18... Bxf6 19. Ng4 Bg7 20. axb5 axb5 21. Rxa8 Bxa8 22.
d4 Nc8 $6 (22... h5 $1 23. Ne3 c5 $13) 23. Qd3 $14 exd4 24. Nxd4 h5 25. Nh2 d5
26. Nxb5 Qc5 27. Ra1 Nb6 28. exd5 Bxd5 29. Bxd5 Nxd5 30. Nf3 Rb8 31. Nbd4 Rxb2
32. Ra8+ Bf8 33. Ne5 Qxc3 34. Qxc3 Nxc3 35. Nd7 Kg7 36. Nxf8 Rd2 37. Nb3 Rd5
38. Kh2 h4 39. Re8 Nb5 40. Rc8 Nd4 41. Nd2 c5 42. Ne4 Nb3 43. Nh7 Nd2 {
Topalov-Short, Elenite 1995 1-0}) (9... d6 {Dies ist vielleicht die beste, auf
jeden Fall aber die solideste Fortsetzung.} 10. a3 $5 (10. a4) (10. c3) (10. c3
{Dolmatov} Na5) 10... Kh8 $6 (10... Na5) (10... Re8) (10... Nd4) 11. Nc3 Qd7
12. Bd2 Rab8 13. Ne2 Nd8 14. Ng3 Ne6 15. c3 c5 16. Bc2 Bd8 17. Be3 Bc7 18. d4
$14 cxd4 19. cxd4 exd4 20. Bxd4 Nxd4 21. Qxd4 Rbe8 22. Nf5 Re6 23. Rad1 Qc6 24.
Qd2 Qb6 25. Qg5 Ne8 26. Bb3 Rf6 27. Qh5 $1 (27. Ne7 $6 {Kasparov-Kamsky,Dos
Hermanas 1996}) 27... h6 28. Ng5 $18) 10. Nc3 $5 {Mir ist diese klassische
Springerentwicklung, wonach Schwarz endgültig auf den Befreiungsschlag d7-d5
verzichten muß, sympatischer als 10.Sbd2. Daß allerdings gerade dieser
Befreiungsschlag durch seinen öffnenden und damit schwächenden Charakter dem
Weißen Angriffsflächen bieten kann, zeigt eindrucksvoll das folgende Fragment:}
(10. Nbd2 Re8 11. c3 Bf8 12. a4 (12. Nh2 {Wedberg} Na5 13. Bc2 c5 14. Ndf1 d5
15. Ng4 Re6 16. Nxf6+ Qxf6 17. Ne3 d4 $10 {Sokolov,A-Mitkov,N/Cannes op (07) ;
EXP 46 1995/1-0 (51)} (17... d4 {HarZvi} 18. cxd4 cxd4 19. Ng4 Qh4 20. Bd2 b4
21. a3 $16 {Sokolov,A-Mitkov,N Cannes op 1995})) (12. Nf1 {HarZvi 9/228}) 12...
Na5 13. Ba2 c5 14. Nb3 Nc6 (14... Nxb3 {HarZvi} 15. Qxb3 $14) (14... bxa4 {
HarZvi} 15. Nxa5 Qxa5 16. Bb3 $14) 15. Be3 d6 16. Nbd2 d5 (16... Qc7 $13 {
HarZvi}) 17. exd5 Nxd5 18. Ne4 $36 Nxe3 19. Rxe3 Na5 20. Nfd2 Rc8 21. axb5 axb5
22. Rf3 c4 $6 23. Nf6+ $1 gxf6 24. Rg3+ Bg7 25. Qg4 $18 {Akopian-Adams/Oakham/
1993/1-0/47}) 10... Re8 (10... d6 11. a3 {Weiß reagiert auf die Drohung 11..
Sa5 und macht seinem Läufer ein Schlupfloch. Gleichzeitig wird die Stellung
des Damenspringers gesichert. Nach} (11. a4 {ensteht eine Stellung aus dem
System 8.a4 mit der zusätzlichen Einschaltung der beiden h-Bauernzüge. Wem
dieser Umstand entgegenkommt, ist mir nicht ganz klar. In der folgenden,
eindrucksvollen Partie gelang es jedenfalls dem Weißen ihn für sich zu nutzen:}
Na5 12. Ba2 b4 13. Ne2 c5 14. c3 bxc3 15. bxc3 c4 16. Ng3 cxd3 17. Qxd3 Bc8 18.
Nh4 {Mit dem Bauern auf h7 wäre nun 18...g6 denkbar.} Kh7 19. Nhf5 Nb7 20. Be3
Be6 21. Bd5 Qc7 22. Rab1 Rfb8 23. Rb6 Bf8 24. Reb1 Bxd5 25. exd5 g6 26. R1b4
Nd8 27. Nxh6 Rxb6 28. Bxb6 Qb7 29. Ng4 Nxd5 30. Qxd5 {1-0 Balaschow-Geller/50.
UdSSR-Championat 1983}) 11... Re8 12. Ba2 {Nach dem Wegzug des Sf3 soll Sd4
nicht mit Tempogewinn erfolgen.} Qd7 (12... Bf8 13. Nh4 $5 b4 14. axb4 Nxb4 15.
Bb3 d5 16. Qf3 (16. exd5 $5 Nbxd5 (16... Nfxd5 $2 17. Qh5) 17. Nxd5 Bxd5 (17...
Nxd5 $6 18. Qg4 Nf6 19. Qg3) 18. Ba4 (18. Bxd5 Qxd5 19. Nf5 e4 20. Ne3 Qd4)
18... Re6 19. Nf5 Bb7 $13) 16... g6 17. exd5 Nbxd5 18. Nxd5 Nxd5 19. Qe4 Bg7
20. Ba4 c6 21. Nf3 Kh7 22. Bb3 c5 23. Qc4 Rc8 24. Qh4 f6 25. Nh2 Ne7 26. Bd2
Qd6 27. Qg4 Nd5 28. Nf3 h5 29. Qg3 Ne7 30. h4 Nf5 31. Qh3 Rc7 32. Bc4 Rce7 33.
Bc3 Qc6 34. Bb3 Qd6 35. Bc4 Nd4 36. Nxd4 exd4 37. Bd2 Re2 38. Ba5 Qf4 39. Qg3
Qxg3 40. fxg3 Rxg2+ 41. Kf1 Re3 42. Bxa6 Ba8 43. Bc7 Bh6 44. Bc4 Rxe1+ 45. Rxe1
Be3 46. Bf4 Rg1+ 47. Ke2 Bf3+ 48. Kxf3 Rxe1 49. Bd6 Bc1 50. Bxc5 Bxb2 51. Kf2
Re8 52. Kf3 Bc3 53. Bb3 g5 54. Bf7 Re3+ 55. Kg2 gxh4 56. gxh4 Kg7 57. Bb3 Re2+
58. Kg3 f5 59. Bb6 Kg6 60. Ba4 Be1+ 61. Kh3 Bf2 62. Bd8 f4 63. Bc6 Bg1 {
0-1 Ioseliani,N-Xie Jun/Borshomi cfW (07) ;EXP 21 1990}) 13. Nh2 Nd4 14. f4 a5
15. Nf3 Nxf3+ 16. Qxf3 b4 17. Ne2 $14 {Der durch den f-Bauernvorstoß
entstandene Raumvorteil in Verbindung mit dem starken La2 sichert dem Weißen
nun einigen Vorteil. Mit seinem nächsten Zug verliert Schwarz die Nerven.} d5
$2 18. fxe5 dxe4 19. Qf2 exd3 20. exf6 Bxf6 21. cxd3 $16 bxa3 22. Bxh6 (22. Rb1
$5 $16) 22... Ra6 23. Be3 axb2 24. Rab1 a4 25. Nf4 a3 26. Bc5 Re5 27. Kh2 Ra8
28. d4 Rf5 29. Qg3 Rg5 30. Qb3 Bc6 31. d5 Qf5 32. Rf1 Ba4 33. Qxa3 Be5 34. Kh1
Bxf4 35. Rxb2 Qe5 {Lanka,Z-Djuric,S/Adelaide op (11) ;EXT 90op 1990/0-1 (81)})
11. a3 (11. Bd2 $5 Bf8 12. Nd5 d6 13. a4 Nb8 14. Ne3 Nbd7 15. c3 Nc5 16. Bc2
bxa4 17. Nc4 Rb8 18. Be3 Nfd7 19. Nfd2 g6 20. Na5 Ba8 21. d4 exd4 22. cxd4 Ne6
23. Bxa4 $36 Bg7 24. Ndc4 Rb4 25. Qd2 Rxa4 26. Rxa4 Nb6 27. Nxb6 cxb6 28. d5
Nc5 29. Bxc5 dxc5 30. Nb3 $16 Bb7 31. Nc1 Qd7 32. Ra3 h5 33. Rf3 Re7 34. Nd3 c4
35. Nf4 Qd6 {Pritchett,C-Fleck,J/BL 8990 (1990) ;BL 90 1990/1/2-1/2 (81)}) (11.
a4 $5 b4 12. Ne2 d5 13. exd5 Nxd5 14. Ng3 Bf8 15. a5 Nf4 16. Ne4 Ne6 17. c3 Nc5
18. Bc4 Nxe4 19. Rxe4 Qd7 20. Qe2 Rad8 21. Bd2 bxc3 22. bxc3 Qf5 23. Kh2 Nb8
24. g4 Qc8 25. g5 Qf5 26. Nh4 Qd7 27. gxh6 Bxe4 28. Qxe4 Qc6 29. Qf5 Re6 30.
h7+ Kh8 31. Qxf7 {1-0 Rechel,B-Blatny,P/Bad Mergentheim op ;EXT 89op 1989}) (
11. Nd5 {Dolmatov} Na5 $10) 11... Bf8 12. Nd5 $14 {Die Kontrolle des Feldes d5
und der geschwächte schwarze Damenflügel sichern dem Weißen ein angenehmes
Spiel.} Na5 (12... Nd4 13. Nxd4 (13. Nxf6+ {Dolmatov} Qxf6 14. Nxd4 exd4 15. f4
d6 $14) 13... exd4 14. Bf4 d6 15. Bg3 Nxd5 16. exd5 g6 17. Qd2 Qd7 18. a4 {
Wie so oft im Spanier gibt das Bauernduo a6-b5 Anlaß zur Besorgnis.} Rxe1+ 19.
Qxe1 Re8 20. Qa5 $14 c5 21. axb5 axb5 22. Qb6 Ra8 23. Rxa8 Bxa8 24. Qb8 Bb7 25.
Ba2 Kg7 26. b4 $1 Be7 (26... cxb4 27. Qa7 $16) 27. bxc5 dxc5 28. Be5+ f6 29. d6
Bd8 (29... fxe5 $2 30. Qg8+ Kf6 31. Qf7+ Kg5 32. Qxe7+ $18) 30. Be6 $1 Qxe6 31.
Qxb7+ Kf8 32. Qb8 Ke8 33. Bg3 Qd7 34. Qa8 Kf8 35. Qd5 Bb6 36. Qe4 Kg7 37. h4 {
Wang Zili-Xie Jun/Beijing Tan Chin Cup (02) ;CBM 49 1995/1-0 (69)}) (12... d6
13. Bd2 $14 (13. Ba2 $5 {Idee Sh2-g4 und eventuell f4.})) 13. Ba2 Bxd5 $2 {
This move is the sole root to all Blacks ensuing problems. very strange
decision to give up this bishop,and putting your knight on a5 which after
white's recapture on d5 is out of the game, and indeed black's position became
very bad. Ein grober positioneller Fehler. Schwarz gibt das Läuferpaar auf und
schwächt, wie später leicht ersichtlich, den weißen Felderkomplex am
Damenflügel. Zudem wird nun der Sa5, seines natürlichen Rückzugsfeldes beraubt,
zum Problem.} (13... c5 $14 14. Bd2 $5 Nc6 15. Nxf6+ Qxf6 16. Bd5 {Idee c3,a4})
(13... c5 $142) (13... d6 {Dolmatov} 14. Bd2 Nc6 (14... c5 $2 15. Nxf6+) 15.
Nxf6+ Qxf6 16. Bd5 Nd8 17. a4 $14) 14. exd5 d6 $6 {Der schwarze Damenspringer
ist fortan ein Zombie, ein lebender Toter! Nach} (14... e4 15. dxe4 Nxe4 16.
Qd3 Nf6 {Idee Sb7-c5 (d6) ist die schwaze Stellung zwar nicht gerade
berauschend, aber auch nicht hoffnungslos.}) 15. b4 Nb7 {[%csl Rb7] This is a
really bad N. Like so often in the Ruy Lopez Black ends up with his N on the
rather short circuit b7-d8.} 16. c4 $16 {White has a clear advantage, pair of
bishops, black knight on b7 is terrible, and black some weak white squares.}
Qd7 17. Be3 Nd8 $6 {Black hopes for some K-side action with Nh7, f5 and Nf7.} (
17... a5 $5 {Wedberg}) (17... Rec8 {Dolmatov} 18. Rc1 c6 19. Qb3 $16) (17... c5
$5 18. Rc1 cxb4 19. axb4 a5) 18. Rc1 c6 {Bei 17...Sb8 hoffte Schwarz
wahrscheinlich darauf nach 19.dc6? mit dem Springer zurücknehmen zu können.
Aber natürlich denkt Weiß ganz und gar nicht daran auf c6 zu tauschen und
behält den Sargnagel d5 auf dem Brett.} (18... a5 $5 {Wedberg}) 19. Nd2 $1 cxd5
$6 {Hiernach stabilisiert sich die Lage vollends. Es gibt nun kein Entrinnen
mehr. 19...a5 war wohl die letzte Chanche.} (19... Nh7 $5 {Dolmatov} 20. Nb3 (
20. dxc6 Nxc6 21. cxb5 axb5) 20... Be7 21. Na5 cxd5 22. cxd5 Bg5) (19... g6 $2
{HarZvi} 20. Qf3 $1 Nh7 21. dxc6 Nxc6 22. cxb5) (19... bxc4) 20. cxd5 Nh7 (
20... a5 $5 {Wedberg}) 21. Bb6 $18 {Mit dem Springer d8, dem Bauern a6 und den
Feldern c6 und c7 gibt es im schwarzen Lager weitaus mehr Schwächen als eine
Stellung verkraften kann.} (21. Nb3 {Dolmatov} Be7) 21... Rc8 (21... Qb7 22.
Ba5 Rc8 23. Rxc8 (23. Qg4 {Dolmatov}) 23... Qxc8 24. Qc1 $18) 22. Rxc8 Qxc8 23.
Qc1 $18 {After the exchange of queens white has a winning endgame.} Qb7 (23...
Nb7 {Dolmatov} 24. Qc6 $16) 24. Qc7 Qxc7 25. Bxc7 {Black is so weak on the
Q-side that the win is quite simple. Just look at black's miserable knight,no
place for this knight} Nb7 (25... f5 26. Rc1 Nf6 27. Bb6 Nb7 28. Rc7 Re7 29.
Rc6 Kf7 30. Bc7 Rd7 31. Bb8 Rd8 32. Ba7 a5 33. Bb6 $18) 26. Rc1 Rc8 27. Rc6 $18
Nd8 (27... f5 28. Bxd6 $18 Nxd6 29. Rxc8 Nxc8 30. d6+ Kh8 31. d7) (27... Nf6
28. Bb6 Ra8 29. Rc7 Nd8 30. Ne4 Nxe4 (30... Ne8 31. Rd7) 31. dxe4 Rb8 32. Be3
Ra8 33. Ra7 Rxa7 34. Bxa7 {In diesem Endspiel ist Schwarz vollkommen hilflos.
Weiß macht sich einfach über den Damenflügel her.} g6 35. Bb3 h5 36. Be3 Kh7
37. a4 Bh6 38. Bxh6 bxa4 39. Bxa4 Kxh6 40. Bd7 Kg5 41. g3 f5 42. Bc8 fxe4 43.
Bxa6) (27... Be7 {Dolmatov} 28. Bb6 $18) (27... Nf6) 28. Bxd8 Rxd8 29. Rxa6 {
Black has finally done something with his knight changed it for white's bishop
but white has won a pawn and the b5 pawn is very weak white will play Nb1-Nc3
after it will be very difficult to defend this pawn} Rc8 30. Rc6 Ra8 31. Nb1
Nf6 32. Kf1 (32. Rb6 Rc8) 32... Be7 33. Ke2 e4 34. Bb3 exd3+ 35. Kxd3 Nd7 36.
f4 g5 (36... Nf6 37. Rb6) 37. Rc7 Rd8 38. Nc3 gxf4 39. Nxb5 Ne5+ 40. Ke4 Re8
41. Ba4 (41. Ba4 Bd8 42. Nxd6 Bxc7 43. Nxe8 $18) 1-0

[Event "Bundesliga 9697"]
[Site "Germany"]
[Date "1997.??.??"]
[Round "?.1"]
[White "Adams, Michael"]
[Black "Wahls, Matthias"]
[Result "1-0"]
[WhiteElo "2660"]
[BlackElo "2605"]
[Annotator "Wahls,M"]
[PlyCount "107"]
[EventDate "1996.10.12"]
[EventType "team-tourn"]
[EventRounds "15"]
[EventCountry "GER"]
[SourceTitle "GER-chT"]
[Source "ChessBase"]
[SourceDate "1999.07.01"]
[SourceVersion "1"]
[SourceVersionDate "1999.07.01"]
[SourceQuality "1"]
[WhiteTeam "Solingen"]
[BlackTeam "Hamburger SK"]
[WhiteTeamCountry "GER"]
[BlackTeamCountry "GER"]

1. e4 e5 2. Nf3 Nc6 3. Bb5 a6 4. Ba4 Nf6 5. O-O Be7 6. Re1 b5 7. Bb3 O-O 8. d3
d6 9. a3 Re8 10. h3 h6 11. Nc3 Bf8 12. Bd2 Rb8 13. Nd5 Nxd5 14. Bxd5 Ne7 15.
Ba2 Ng6 16. d4 c5 17. c3 Bb7 18. d5 Bc8 19. b4 c4 20. Bb1 Be7 21. a4 Rf8 22.
Bc2 f5 23. exf5 Bxf5 24. axb5 axb5 25. Ra7 Ra8 26. Rb7 Rb8 27. Rxb8 Qxb8 28.
Bxf5 Rxf5 29. Qc2 Rf6 30. Nh2 Qe8 31. Ra1 Rf8 32. Ra7 Bd8 33. Rb7 (33. Be3 Nf4
34. Bxf4 exf4) 33... e4 $138 (33... Ne7 $5 34. Ng4 Qf7 35. Bxh6 Qxd5 36. Rb8 e4
37. Nf6+ (37. Be3 Nc6 (37... Nf5) 38. Rc8 Ne7 39. Rb8 Nc6) 37... Rxf6 38. Rxd8+
Rf8 39. Rxf8+ Kxf8 40. Be3 Qd3 $13) 34. Be3 Nf4 35. Qd1 Nd3 36. Ng4 h5 37. Bd4
Rf7 $6 ({Nach} 37... Be7 {kann Weiß das Gleichgewicht vielleicht gerade so
eben noch halten:} 38. Ne3 (38. Nh2 Bf6 39. Bxf6 Rxf6 $19) 38... Bf6 (38...
Nxf2 39. Qa1 Bf6 40. Bxf6 Rxf6 41. Qa7 Qg6 42. Rb8+ Kh7 43. Qa8 Qf7 $11) (38...
Rxf2 $2 39. Nxc4) 39. Nf5 Bxd4 40. Nxd4 Nxf2 (40... Rxf2 $2 41. Ne6) (40... e3
$5 41. f3 Nf4) 41. Qe1 (41. Qe2 $2 Qa8 $1) 41... Nd3 42. Qg3 Rf7 43. Rxf7 Qxf7
44. Qxd6 (44. Nxb5 Qxd5 45. Nxd6 e3)) 38. Nh6+ gxh6 39. Qxh5 Ne5 $2 (39... Nf4
40. Qxh6 Ne2+ 41. Kh2 Nxd4 42. Qg6+ Kf8 43. Qh6+ (43. Qxd6+ Kg7 $17) 43... Kg8
$11) 40. Bxe5 dxe5 41. Qg6+ $18 Kf8 42. Qxh6+ Kg8 43. Qg6+ Kf8 44. Rb8 Rf6 45.
Qh7 e3 46. fxe3 Rd6 47. Qh8+ Kf7 48. Rb7+ Be7 49. Qxe5 Kf8 50. e4 Qd8 51. Qh8+
Kf7 52. Qh7+ Kf8 53. Kh1 Qe8 54. e5 (54. e5 Rxd5 55. Qh8+ Kf7 56. e6+ $18) 1-0

[Event "Nussloch"]
[Site "Nussloch"]
[Date "1996.??.??"]
[Round "11"]
[White "Lutz, Christopher"]
[Black "Sokolov, Ivan"]
[Result "1/2-1/2"]
[WhiteElo "2555"]
[BlackElo "2665"]
[Annotator "Wedberg,T"]
[PlyCount "61"]
[EventDate "1996.??.??"]
[EventType "tourn"]
[EventRounds "11"]
[EventCountry "GER"]
[EventCategory "15"]
[SourceTitle "CBM 053"]
[Source "ChessBase"]
[SourceDate "1996.08.01"]
[SourceVersion "1"]
[SourceVersionDate "1996.08.01"]
[SourceQuality "1"]

1. e4 e5 2. Nf3 Nc6 3. Bb5 a6 4. Ba4 Nf6 5. O-O Be7 6. Re1 b5 7. Bb3 O-O 8. a4
b4 9. d3 a5 $146 (9... d6 10. a5 Bg4 11. Be3 d5 12. Nbd2 h6 13. h3 d4 $6 14.
hxg4 dxe3 15. fxe3 Nxg4 16. Bd5 Qd7 17. Nc4 $14 {Anand,V-Sokoov,I/Wijk/1996/
0-1/ ;CBM 51}) 10. Nbd2 (10. c3 $5) 10... Bc5 11. Nf1 d6 12. c3 bxc3 13. bxc3
h6 14. Be3 $10 (14. d4 exd4 15. cxd4 Bb4 16. Re3 $13) 14... Bxe3 15. Nxe3 Ne7
16. Rb1 Bd7 17. Qc2 Bc6 18. Nd2 d5 $6 (18... Qd7 $142) 19. Nf3 $1 dxe4 20. Nxe5
exd3 21. Qa2 Ne4 $2 (21... Qe8 $142) 22. Nxf7 Rxf7 23. Bxf7+ Kh8 24. Nd1 $1 Qd6
25. Qe6 d2 (25... Qxe6 26. Bxe6 d2 27. Re3 Bxa4 28. Bb3 $1 {+-}) 26. Rxe4 Qd3
27. Rh4 $2 (27. Rd4 $1 Qxb1 28. Rxd2 Qc1 (28... Bxa4 29. Qxe7 Bxd1 30. Rd8+
Rxd8 31. Qxd8+ Kh7 32. Qg8#) 29. Rd4 Qg5 30. Ne3 Rb8 31. h4 $16) 27... Qxb1 28.
Rxh6+ gxh6 29. Qxh6+ Qh7 30. Qf6+ Qg7 31. Qh4+ 1/2-1/2

[Event "Hastings 9394"]
[Site "Hastings"]
[Date "1993.??.??"]
[Round "3"]
[White "Nunn, John DM"]
[Black "Hebden, Mark"]
[Result "1/2-1/2"]
[WhiteElo "2590"]
[BlackElo "2560"]
[Annotator "Wedberg,T"]
[PlyCount "74"]
[EventDate "1993.12.??"]
[EventType "tourn"]
[EventRounds "9"]
[EventCountry "ENG"]
[EventCategory "12"]
[SourceTitle "CBM 039"]
[Source "ChessBase"]
[SourceDate "1994.04.01"]
[SourceVersion "1"]
[SourceVersionDate "1994.04.01"]
[SourceQuality "1"]

1. e4 e5 2. Nf3 Nc6 3. Bb5 a6 4. Ba4 Nf6 5. O-O Be7 6. Re1 b5 7. Bb3 O-O 8. a4
Bb7 9. d3 d6 10. Nbd2 Nb4 $5 (10... Nd7 {! in Nunns book on the Marshall Attack
} 11. c3 Nc5 12. axb5 axb5 13. Rxa8 Bxa8 14. Bc2 Bf6 15. b4 Ne6 16. Nf1 $14 {
Kasparov,G-Short,N/London(m7)/1993/1-0/36}) 11. Nf1 c5 12. Ng3 Rc8 13. Bd2 Nc6
14. Nf5 Ne8 15. Nxe7+ (15. Bd5 Nc7 $13) 15... Nxe7 16. c3 Ng6 $10 17. d4 Nf6
18. Bc2 Re8 19. d5 c4 20. b4 Rb8 21. h3 Bc8 22. Nh2 Bd7 23. Nf1 h6 24. Ng3 Rf8
25. Qc1 Nh7 26. axb5 Bxb5 27. Ba4 Nh4 $1 28. Bxb5 axb5 29. Ra6 f5 30. exf5 Ra8
31. Qa3 Nf6 32. Ra1 Rb8 33. Rd1 Qd7 34. Ra7 Rb7 35. Ra8 Rbb8 36. Ra7 Rb7 37.
Ra8 Rbb8 1/2-1/2

[Event "Parnu-A"]
[Site "Parnu"]
[Date "1996.02.03"]
[Round "2"]
[White "Hracek, Zbynek"]
[Black "Sokolov, Ivan"]
[Result "1-0"]
[WhiteElo "2650"]
[BlackElo "2665"]
[Annotator "Wedberg,T"]
[PlyCount "161"]
[EventDate "1996.02.??"]
[EventType "tourn"]
[EventRounds "10"]
[EventCountry "EST"]
[EventCategory "17"]
[SourceTitle "CBM 052"]
[Source "ChessBase"]
[SourceDate "1996.06.01"]
[SourceVersion "1"]
[SourceVersionDate "1996.06.01"]
[SourceQuality "1"]

1. e4 {Hansen,LB} e5 2. Nf3 Nc6 3. Bb5 a6 4. Ba4 Nf6 5. O-O Be7 6. Re1 b5 7.
Bb3 O-O 8. a4 b4 9. d3 d6 10. a5 Bg4 {Hansen,LB: An interesting new idea.} 11.
Nbd2 (11. c3 bxc3 (11... Rb8 12. Nbd2 Kh8 13. Bc4 Qc8 14. Qa4 Bd7 15. Qa2 Nd8
16. d4 $16 {Martin del Campo,R-Schepel,K/Novi Sad olm/1990}) 12. bxc3 Be6 13.
Nbd2 Bxb3 14. Qxb3 Qb8 15. Qa2 Qb5 16. Nc4 Na7 17. Ba3 Qd7 18. Rad1 $14 {
Wallace,J-Bussachini,M/Moscow olm/1994}) (11. Be3 d5 12. Nbd2 h6 13. h3 d4 $6
14. hxg4 dxe3 15. fxe3 Nxg4 16. Bd5 $14 {Anand,V-Sokoov,I/Wijk/1996} (16. Bd5 {
Hansen,LB} Qd7 17. Nc4 Bf6 $13 {Anand,V - Sokolov,I/Wijk/1996/})) 11... Nd4 12.
Bc4 c6 (12... c5 $6 13. h3 Bd7 14. Nxd4 cxd4 15. f4 exf4 16. Nf3 $16 {
Goloshchapov,A-Talla,V/Ceske Budejovice/1995}) (12... Qc8 {Hansen,LB} 13. h3
Nxf3+ 14. Nxf3 Bh5 15. Bg5 $1 $14) 13. h3 Nxf3+ 14. Nxf3 Bh5 (14... Be6 15.
Bxe6 fxe6 16. c3 bxc3 17. bxc3 $14 {/\d4}) (14... Bc8 $5 {Hansen,LB}) 15. g4
Bg6 16. Nh4 Ne8 $6 (16... Kh8 $5 17. Nxg6+ (17. Nf5 Bxf5 18. gxf5 d5 19. exd5
cxd5 20. Bb3 Qd6 $13) 17... fxg6 $13) (16... d5 17. exd5 cxd5 18. Bb3 Qd6 19.
Qe2 Nd7 20. Nxg6 hxg6 21. Qf3 $14) 17. Nf5 Bxf5 18. gxf5 Bg5 (18... d5 19. Bb3
$14) 19. Bxg5 Qxg5+ 20. Qg4 Qh6 (20... Qf6 $5 {Hansen,LB}) 21. h4 Nc7 22. Qg5
$14 Qf6 23. f4 Rfe8 24. Kf2 Kf8 25. Bb3 exf4 (25... Nb5 $5 {Hansen,LB}) 26.
Qxf6 gxf6 27. Kf3 Ke7 28. Kxf4 Rg8 29. Rg1 Rab8 30. Ba4 Nb5 31. Ke3 Rxg1 32.
Rxg1 c5 33. Rg7 Kf8 34. Rg2 (34. Rxh7 $4 Kg8 35. Rh5 Kg7 $19 {[%csl Rh5]})
34... h6 35. Rg1 Ke7 36. Rg2 Kf8 37. Rg3 Nd4 38. Rg1 Nb5 39. Rg2 Ke7 40. Bb3
Kf8 41. Rg1 Nd4 42. Ba4 Nb5 43. Rc1 Ke7 44. Ra1 Rb7 45. Rc1 Rb8 46. c3 $1 {
Hansen,LB: Already here Hracek must have seen, that the rook ending following
his brilliant 52. move is advantageous for White.} bxc3 47. bxc3 Na7 48. d4 Rb2
49. dxc5 dxc5 50. Rd1 Nb5 51. Bxb5 Rxb5 (51... axb5 52. Ra1 $16) 52. Kd3 {
Hansen,LB: Very strong! In the coming rook ending White is a pawn down, but
the activity of his pieces gives him the better chances.} Rxa5 $2 {Black
forgets to bring his king into play.} (52... Kd6 53. Kc4+ Ke5 (53... Kc7 54.
Rg1 Kd6 55. Rg7 Ke7 56. Kd5 Rxa5 57. c4 $16) 54. Rd5+ Kxe4 55. Rd6 (55. Rxc5
Rxc5+ 56. Kxc5 Kxf5 57. Kb6 Ke4 58. c4 f5 59. c5 f4 60. c6 f3 61. c7 f2 62.
c8=Q f1=Q $13) 55... Rxa5 56. Rxf6 $14) 53. Kc4 h5 54. Kd5 $1 Rb5 55. c4 Rb8
56. Kxc5 Rc8+ 57. Kb4 Rb8+ 58. Ka5 Rc8 59. Kb4 Rb8+ 60. Ka5 Rc8 61. Rd4 $1 {+-}
Rc6 62. Kb4 Rb6+ 63. Kc5 Rb1 64. Kc6 Rb4 65. Rd7+ Ke8 66. c5 Rxe4 67. Rd3 Rxh4
68. Kb6 Rh1 69. c6 Rb1+ 70. Kxa6 Ra1+ 71. Kb7 Rb1+ 72. Kc8 Rb5 73. c7 Rxf5 74.
Re3+ Kf8 75. Kd7 Rc5 76. Re8+ Kg7 77. c8=Q Rxc8 78. Rxc8 Kg6 79. Kd6 Kf5 80.
Kd5 h4 81. Rh8 1-0